Chapeau : de Casas y Picasso o Balenciaga y Pertegaz / de Casas y Picasso o Balenciaga y Pertegaz /
ISBN:
9788484789031
Descripción Física:
271 pàgines : fotografies color ; 22 cm
Materias:
Col·lecció Tèxtil Antoni de Montpalau
; Barrets -- Exposicions
; Barrets -- Col·leccionistes i col·leccions -- Exposicions
; Moda i art -- Exposicions
Idioma:
Español , English
MARC
| LEADER | 00000nam a22000007a 4500 | ||
|---|---|---|---|
| 001 | 25212 | ||
| 003 | Arxiu | ||
| 017 | |a Me 51-2021 |b Oficina DL Menorca | ||
| 020 | |a 9788484789031 | ||
| 040 | |b cat |e rda | ||
| 041 | 1 | |a spa |a eng | |
| 245 | |a Chapeau : |b de Casas y Picasso o Balenciaga y Pertegaz / |c textos: Josep Casamartina i Parassols, Anna Maluquer, Nina Pawoswky y Charo Iglesias | ||
| 260 | |a Caldes d'Estrac : |a Barcelona : |b Fundació Palau ; |b Triangle Postals ; |c 2021 | ||
| 300 | |a 271 pàgines : |b fotografies color ; |c 22 cm | ||
| 500 | |a Publicació amb motiu de l'exposició homònima organitzada per la Fundació Palau amb col·laboració de la Fundació Antoni de Montpalau, i celebrada a la Fundació Palau, a Caldes d'Estrac, del 26 de gener al 9 de juny de 2020, i a la Sala d'Exposicions Sabadell Herrero, a Oviedo, del 3 d'octubre de 2019 fins al 12 de gener de 2020 | ||
| 546 | |a Text en castellà i anglès | ||
| 610 | 2 | 7 | |a Col·lecció Tèxtil Antoni de Montpalau |
| 650 | 7 | |9 52582 |a Barrets |x Exposicions | |
| 650 | 7 | |9 52583 |a Barrets |x Col·leccionistes i col·leccions |x Exposicions | |
| 650 | 7 | |9 52584 |a Moda i art |x Exposicions | |
| 700 | 1 | |9 46483 |a Casamartina Parassols, Josep |e autor | |
| 700 | 1 | |9 52585 |a Maluquer, Anna |e autor | |
| 700 | 1 | |9 52586 |a Pawoswky, Nina |e autor | |
| 700 | 1 | |9 52587 |a Iglesias, Charo |e autor | |
| 710 | 2 | |9 52589 |a Sala de Exposiciones Sabadell-Herrero (Oviedo, Espanya) |e institució d'acollida | |
| 710 | 2 | |a Fundació Palau (Caldes d'Estrac, Catalunya) |e entitat editora |e institució d'acollida |9 53857 | |
| 942 | |2 udc |n 1 |c ARXIU | ||
| 952 | |0 0 |1 0 |4 0 |6 BIB483 |7 1 |9 61167 |a Arxiu |b Arxiu |d 2022-03-22 |l 0 |o Bib-483 |p 25212 |r 2022-03-22 00:00:00 |w 2022-03-22 |y ARXIU | ||
| 999 | |c 81227 |d 81227 | ||